01234nam a22002177a 450000500170000000800410001702000180005804000070007604100080008308200220009110000230011324500440013626000320018030000280021236500650024052006230030565000230092865000200095165000200097170000250099120241126105324.0241126b ||||| |||| 00| 0 eng d a9789389995893 cAL aeng 223a658.409bHANT aHolly Reisem Hanna aTime Management in Twenty Minutes a Day aMumbaibEmbassy Booksc2023 axii,115p.bPBc21x14cm. 2PsychologyaCCX2-1389031b218.00c₹d218.00e-f15-11-2024 aNo-nonsense time management in no time. Learning to manage your time doesn’t have to take a lot time. Filled with practical advice for everybody, Time Management in 20 Minutes a Day makes increasing your productivity and getting the most out of every day a snap. Sprinkled with bite-sized lessons and personal anecdotes, Time Management in 20 Minutes a Day introduces strategic changes geared to help you improve your daily life. From obsessing over emails to hunting through clutter to mismanaging meetings—learn how to stop doing all the little things you didn’t even realize were wasting so much of your time. aOrganize and Order aManage Meetings aSet Daily Goals aHANNA (Holly Reisem)